Camela - Lágrimas de amor - Estadísticas

Estadísticas generales
  • Esta prueba ha sido intentada 17 veces
  • La puntuación promedio es 169 de 245
Estadísticas de respuestas
% Correcto
a
92%
de
92%
De
92%
es
83%
no
83%
Sin
83%
su
83%
Y
83%
y
83%
amor
75%
está
75%
lágrimas
75%
me
75%
mi
75%
que
75%
qué
75%
quiero
75%
se
75%
Si
75%
te
75%
tu
75%
75%
cariño
67%
contigo
67%
corazón
67%
dado
67%
en
67%
enamorado
67%
estás
67%
habría
67%
has
67%
lado
67%
olvidando
67%
Sueño
67%
Ya
67%
ya
67%
Ella
58%
ella
58%
le
58%
Mis
58%
mis
58%
puedo
58%
amar
50%
clavada
50%
cuerpo
50%
espina
50%
haces
50%
marchó
50%
Ni
50%
ojos
50%
responderá
50%
sentirla
50%
Solo
50%
solo
50%
son
50%
todos
50%
un
50%
una
50%
yo
50%
acuerdo
42%
caso
42%
dejó
42%
empiezan
42%
fracaso
42%
intentos
42%
inundar
42%
podré
42%
pregunto
42%
queriendo
42%
recuerdo
42%
Seguro
42%
Siempre
42%
sigo
42%
tocar
42%
aunque
33%
No se encontraron pruebas coincidentes
Distribución de puntuación
Porcentaje de gente con cada puntuación
Porcentaje por número respondido
Historial de tus puntuaciones
No has intentado esta prueba.